000 01588nam a2200229Ia 4500
003 Ost
005 20260507075658.0
008 260507s9999||||xx |||||||||||||| ||und||
040 _cfsecg
041 _aara
082 _a658.42
100 _aزايد، عادل محمد
_eمؤلف
245 0 _aالمديرة ورائدة الأعمال العربية :
_bمقومات نجاحها في مواجهة تحديات القرن الحادي والعشرين /
_c عادل محمد زايد
260 _aالقاهرة:
_bالمنظمة العربية للتنمية الادارية,
_c2000
300 _a123 صفحة؛
_bإيضاحات ؛
_c24 سم
490 _aبحوث ودراسات
_v354
504 _aالمراجع ص.115
520 _aالمديرة العربية في المحيط البيئي بين الحاضر والماضي: المتغيرات السياسية، القانونية، المتغيرات الاقتصادية، المتغيرات الاجتماعية الثقافية، المتغيرات التكنولوجية، مقومات نجاح المديرة العربية ، تنمية مهارات القيادية، استثمار دوافع الانجاز، تنمية قدرات زيادة الأعمال، تنمية المسار الوظيفي، تنمية شبكات العلاقات الوظيفية، استغلال فرص العمل الجديدة، التعامل مع الصراع التنظيمي، التعامل مع ضغوط العمل.
653 _aإدارة الأعمال
653 _aالمرأة العاملة
942 _cكتاب
999 _c45746
_d45746